Normal view
MARC view
Entry Término temático
001 - NÚMERO DE CONTROL
- campo de control: 49460
003 - IDENTIFICADOR DEL NÚMERO DE CONTROL
- campo de control: OSt
005 - FECHA Y HORA DE LA ÚLTIMA TRANSACCIÓN
- campo de control: 20240312101202.0
008 - DATOS DE LONGITUD FIJA
- campo de control de longitud fija: 240312|| aca||aabn | a|a d
040 ## - FUENTE DE LA CATALOGACIÓN
- Centro catalogador/agencia de origen: OSt
- Centro/agencia transcriptor: OSt
150 ## - ENCABEZAMIENTO--TÉRMINO DE MATERIA
- Término de materia o nombre geográfico como elemento de entrada: Definición y causas de la dislexia
670 ## - FUENTE DE DATOS ENCONTRADOS
- Cita de la fuente: Work cat.: (OSt)22789: Chafloque Millones, José Walter 48921, Problemas de Aprendizaje : Dislexia y Discalculia /, 2009